00630nam a2200181Ia 4500008004100000020001800041041000800059082001900067100002300086245003500109260002200144300000900166365001600175700002300191906005000214999001900264952016500283230718s9999 xx 000 0 und d a9781259062957 aeng a621.319'2bSIN aSingh R.R.9170967 aNetwork Analysis And Synthesis c2017bMcGraw Hill a1200 cRs.b595.00 aSingh R.R.9170967 dO:0571304-Oct-2017B:471129-Sep-2017cSEb5831 c345569d345569 00104070aCCEPbCCEPd2017-10-04eVaibhav Book HousefSEg428.40i4711l0o621.319'2pCCEP-BK-56776r2023-07-18 00:00:00t5831v595.00w2017-09-29yBKz056776